[Event "AUTO-INT-3788"]
[Site "http://www.queenalice.com/game.php?id=1819896"]
[Date "2023.8.29"]
[Round "2"]
[White "contato"]
[Black "vlaams"]
[Result "0-1"]
[WhiteElo "1878"]
[BlackElo "2011"]

1. e4 e5 2. Nf3 Nc6 3. d4 exd4 4. Nxd4 d6 5. Nxc6 bxc6 6. Bd3 h6 7. O-O Nf6 8.
b3 Be7 9. Bb2 O-O 10. Nd2 a5 11. Bc3 Re8 12. Re1 Ba6 13. Qe2 Bxd3 14. cxd3 Bf8
15. Qf3 Re6 16. Qg3 a4 17. Qf3 axb3 18. Nxb3 c5 19. e5 Nd7 20. exd6 Rxe1+ 21.
Bxe1 cxd6 22. Bc3 Be7 23. Qg3 Nf6 24. h3 d5 25. Bxf6 Bxf6 26. Rc1 Rxa2 27. Rxc5
Re2 28. Qg4 Re1+ 29. Kh2 Re6 30. Rc2 Qb8+ 31. Qg3 Qxb3 32. Rc8+ Kh7 33. Rb8 Qxb8
34. Qxb8 Be5+ 35. Qxe5 Rxe5 0-1

[Event "AUTO-INT-3788"]
[Site "http://www.queenalice.com/game.php?id=1819897"]
[Date "2023.8.29"]
[Round "2"]
[White "vlaams"]
[Black "Bordon"]
[Result "1-0"]
[WhiteElo "2043"]
[BlackElo "2007"]

1. e4 e5 2. Nf3 Nc6 3. Nc3 Nf6 4. Bb5 a6 5. Bxc6 dxc6 6. Nxe5 Nxe4 7. Nxe4 Qd4
8. O-O Qxe5 9. Re1 Be6 10. d3 O-O-O 11. c4 Bxc4 12. Re3 Bd6 13. dxc4 Qxh2+ 14.
Kf1 Qh1+ 15. Ke2 Qxg2 16. Qc2 Qg4+ 17. Rf3 Rhe8 18. Be3 Rxe4 19. Rd1 Bc5 20.
Rxd8+ Kxd8 21. Qd1+ Kc8 22. b3 Bxe3 23. fxe3 Qg2+ 24. Rf2 Qh3 25. Rf3 Qg4 26.
Qd3 f5 27. a3 g5 28. Qc3 b6 29. Qh8+ Kb7 30. Qxh7 Re5 31. Qg7 f4 32. Qxe5 Qg2+
33. Rf2 f3+ 34. Ke1 Qg1+ 35. Rf1 f2+ 36. Ke2 1-0

[Event "AUTO-INT-3788"]
[Site "http://www.queenalice.com/game.php?id=1819898"]
[Date "2023.8.29"]
[Round "2"]
[White "Bordon"]
[Black "vlaams"]
[Result "0-1"]
[WhiteElo "1980"]
[BlackElo "2060"]

1. e4 e5 2. Nf3 Nc6 3. Bc4 Bc5 4. c3 Nf6 5. d3 h6 6. b4 Bb6 7. O-O O-O 8. Nbd2
d6 9. Re1 a6 10. Nf1 Bg4 11. h3 Bh5 12. Ng3 Bxf3 13. Qxf3 Ba7 14. a4 Ne7 15. Be3
Bxe3 16. fxe3 c6 17. Nf5 Nxf5 18. exf5 d5 19. Bb3 e4 20. dxe4 Nxe4 21. c4 Nd2
22. Qd1 dxc4 23. Bc2 c3 0-1

[Event "AUTO-ADV-4664"]
[Site "http://www.queenalice.com/game.php?id=1822460"]
[Date "2023.10.6"]
[Round "2"]
[White "Sigmund"]
[Black "vlaams"]
[Result "1-0"]
[WhiteElo "1726"]
[BlackElo "2063"]

1. e4 e5 2. Bc4 Nc6 3. Nf3 d6 4. h3 h6 5. O-O Nf6 6. d3 Be7 7. Nc3 O-O 8. a3 b6
9. Bb3 a5 10. Ba2 Ba6 11. Be3 Re8 12. Qd2 Bf8 13. Ne2 Bb7 14. Ng3 Ne7 15. Nf5
Nxf5 16. exf5 Bxf3 17. gxf3 d5 18. d4 Qd7 19. Qd3 e4 20. fxe4 Nxe4 21. f3 Ng3
22. Rf2 Nxf5 23. Re1 Be7 24. Rg2 Bh4 25. Ree2 c6 26. c4 dxc4 27. Bxc4 Nxe3 28.
Rxe3 Qxh3 29. Bxf7+ Kxf7 30. Qg6+ Kf8 31. Qxg7# 1-0

[Event "AUTO-ADV-4664"]
[Site "http://www.queenalice.com/game.php?id=1822461"]
[Date "2023.10.6"]
[Round "2"]
[White "vlaams"]
[Black "Sigmund"]
[Result "1-0"]
[WhiteElo "2094"]
[BlackElo "1787"]

1. e4 e5 2. Nf3 d6 3. h3 Nf6 4. Nc3 a6 5. Bc4 Be7 6. O-O Bd7 7. d3 h6 8. Re1 b5
9. Bb3 c5 10. a3 Qc8 11. Nd5 O-O 12. Nxe7+ 1-0

[Event "AUTO-ADV-4664"]
[Site "http://www.queenalice.com/game.php?id=1822464"]
[Date "2023.10.6"]
[Round "2"]
[White "fabricioprado"]
[Black "vlaams"]
[Result "0-1"]
[WhiteElo "1624"]
[BlackElo "2009"]

1. e4 e5 2. Nf3 Nc6 3. Bc4 d6 4. Nc3 Bg4 5. h3 Bh5 6. g4 Bg6 7. d3 Nd4 8. O-O
Qf6 9. Nh2 h6 10. f4 O-O-O 11. f5 Bh7 12. Be3 c6 13. Ne2 Nxe2+ 14. Qxe2 Kb8 15.
Qf2 a6 16. Ba7+ Ka8 17. Qb6 d5 18. exd5 cxd5 19. Bb3 Rc8 20. Bxd5 Bc5+ 21. Qxc5
Rxc5 22. Bxc5 Ne7 23. Bg2 Rc8 24. Bxe7 Qxe7 25. Rac1 Qd6 26. Nf3 f6 27. Nd2 Qb6+
0-1

[Event "AUTO-ADV-4664"]
[Site "http://www.queenalice.com/game.php?id=1822465"]
[Date "2023.10.6"]
[Round "2"]
[White "vlaams"]
[Black "fabricioprado"]
[Result "1-0"]
[WhiteElo "2000"]
[BlackElo "1616"]

1. e4 e5 2. Nf3 Nc6 3. Nc3 Be7 4. Bb5 d6 5. h3 a6 6. Ba4 Nf6 7. d4 exd4 8. Nxd4
Bd7 9. Bxc6 bxc6 10. O-O c5 11. Nf3 O-O 12. Bg5 Rb8 13. Rb1 h6 14. Bxf6 Bxf6 15.
Re1 Re8 16. Qd2 Be6 17. b3 Bd7 18. Nd5 c6 19. Nf4 Bc8 20. c4 Bb7 21. Qc2 Be5 22.
Nd3 Bf6 23. Rbd1 Qc7 24. Nc1 d5 25. a3 d4 26. Nd3 Be7 27. Nfe5 f6 28. Nf3 Bf8
29. b4 cxb4 30. axb4 c5 31. bxc5 Bxc5 32. Nxc5 Qxc5 33. Nxd4 Rbd8 34. Nf5 Rxd1
35. Rxd1 Qe5 36. f3 Qc5+ 37. Kh1 Qc7 38. c5 Rc8 39. Rb1 Bc6 40. Qc4+ Kh7 41.
Qxa6 Bd7 42. Rb7 Qc6 43. Qxc6 Bxc6 44. Rxg7+ Kh8 45. Rg6 Be8 46. Rxh6+ Kg8 47.
Ne7+ 1-0

[Event "AUTO-ADV-4664"]
[Site "http://www.queenalice.com/game.php?id=1822468"]
[Date "2023.10.6"]
[Round "2"]
[White "vlaams"]
[Black "AranchiA12"]
[Result "1-0"]
[WhiteElo "2013"]
[BlackElo "1904"]

1. e4 c5 2. Nf3 d6 3. Nc3 a6 4. h3 Nf6 5. Bc4 Bd7 6. O-O Nc6 7. d3 e6 8. Bg5 Be7
9. Bxf6 Bxf6 10. a3 O-O 11. Rb1 b5 12. Ba2 Qb6 13. Ne2 a5 14. Ng3 b4 15. axb4
Nxb4 16. Bc4 Nc6 17. Re1 Bxb2 18. Bb3 Be5 19. Bxe6 Qc7 20. Bd5 Rfb8 21. Ng5 a4
22. Nxf7 Kf8 23. Qf3 Ke7 24. Nxe5 dxe5 25. Qf7+ Kd8 26. Qxg7 a3 27. Qxh7 Qa5 28.
Bxc6 Bxc6 29. Qh8+ Kc7 30. Qxe5+ Kc8 31. Qe6+ Bd7 32. Qa2 Rb2 33. Rxb2 Qxe1+ 34.
Nf1 Ra6 35. Qg8+ Kc7 36. Qb8+ Kc6 37. Qb7+ Kd6 38. Qxa6+ Ke7 39. Qxa3 Kd6 40.
Qa6+ Ke7 41. Qc4 Qa5 42. Ra2 Qc7 43. d4 Qf4 44. Qxc5+ Kf6 45. Ra6+ Kf7 46. Ra7
Ke8 47. Qe5+ Qxe5 48. dxe5 1-0

[Event "AUTO-ADV-4664"]
[Site "http://www.queenalice.com/game.php?id=1822469"]
[Date "2023.10.6"]
[Round "2"]
[White "AranchiA12"]
[Black "vlaams"]
[Result "1-0"]
[WhiteElo "1947"]
[BlackElo "2019"]

1. e4 e5 2. Nc3 Nf6 3. Nf3 Nc6 4. d4 exd4 5. Nxd4 Bb4 6. Bg5 d6 7. Bb5 Bd7 8.
O-O Bxc3 9. bxc3 O-O 10. Nf5 Bxf5 11. exf5 Nb8 12. Qf3 c6 13. Bd3 Nbd7 14. Qg3
Kh8 15. Rab1 Qc7 16. Rb4 Rac8 17. Rfb1 b6 18. Ba6 Rce8 19. Bf1 Re5 20. Rh4 Rxf5
21. Bd3 Ra5 22. Qh3 h5 23. Rxh5+ Nxh5 24. Qxh5+ Kg8 25. Qh7# 1-0

[Event "AUTO-INT-3789"]
[Site "http://www.queenalice.com/game.php?id=1824892"]
[Date "2023.11.9"]
[Round "2"]
[White "Sigmund"]
[Black "vlaams"]
[Result "0-1"]
[WhiteElo "1775"]
[BlackElo "2058"]

1. e4 e5 2. Nf3 Nc6 3. Nc3 Nf6 4. Bc4 h6 5. O-O Bb4 6. a3 Bxc3 7. bxc3 O-O 8.
Re1 d6 9. d3 Bg4 10. h3 Bh5 11. Be3 Re8 12. Kh2 Ne7 13. g4 Bg6 14. Nh4 a6 15.
Qd2 b5 16. Bb3 c6 17. g5 hxg5 18. Bxg5 Kf8 19. Nxg6+ Nxg6 20. Rg1 Ke7 21. Bxf6+
gxf6 22. Rg4 Rh8 23. Rag1 Nf4 24. Rg7 Rxh3# 0-1

[Event "AUTO-INT-3789"]
[Site "http://www.queenalice.com/game.php?id=1824893"]
[Date "2023.11.9"]
[Round "2"]
[White "vlaams"]
[Black "Sigmund"]
[Result "1-0"]
[WhiteElo "2022"]
[BlackElo "1755"]

1. e4 e5 2. Nf3 d6 3. h3 Nf6 4. Nc3 Nc6 5. Bc4 h6 6. O-O Be7 7. d3 O-O 8. Be3 a6
9. Qd2 Kh7 10. Nd5 Nxd5 11. Bxd5 Bd7 12. d4 f6 13. dxe5 fxe5 14. a4 a5 15. b3
Nb4 16. Bxb7 Rb8 17. Bd5 Nxd5 18. exd5 Bxh3 19. Qxa5 Bg4 20. Nh2 Bf5 21. Qd2 Bg5
22. a5 Ra8 23. Bxg5 Qxg5 24. Qxg5 hxg5 25. c4 Bc2 26. b4 Bd3 27. Rfc1 Rf4 28.
Nf3 g4 29. Ng5+ Kg6 30. Ne6 Rf7 31. b5 Kh5 32. g3 e4 33. Nf4+ Rxf4 34. gxf4 Kh4
35. Kg2 Re8 36. Rh1# 1-0

[Event "AUTO-ADV-4662"]
[Site "http://www.queenalice.com/game.php?id=1826363"]
[Date "2023.12.2"]
[Round "2"]
[White "ALDROB"]
[Black "vlaams"]
[Result "0-1"]
[WhiteElo "1815"]
[BlackElo "2000"]

1. d4 Nf6 2. c4 e6 3. Nc3 Bb4 4. Qc2 d5 5. e3 Ne4 6. Bd3 Bxc3+ 7. bxc3 Nf6 8.
Ne2 O-O 9. Ba3 Re8 10. O-O Nc6 11. c5 e5 12. Rad1 a6 13. h3 e4 14. g4 exd3 15.
Qxd3 Ne4 16. Ng3 Nxg3 17. fxg3 Re6 18. Rf4 Na5 19. Rdf1 f6 20. g5 Nc4 21. Bc1
Qe7 22. Rh4 g6 23. Rf3 f5 24. Rh6 Qxg5 25. e4 Qxc1+ 26. Kg2 Qxh6 27. exd5 Ne3+
0-1

[Event "AUTO-ADV-4662"]
[Site "http://www.queenalice.com/game.php?id=1826364"]
[Date "2023.12.2"]
[Round "2"]
[White "vlaams"]
[Black "ALDROB"]
[Result "1-0"]
[WhiteElo "2073"]
[BlackElo "1817"]

1. e4 e5 2. Nf3 Nc6 3. Nc3 Bc5 4. Bb5 Nd4 5. d3 Nxb5 6. Nxb5 a6 7. Nc3 Nf6 8.
Bg5 O-O 9. Nd5 c6 10. Nxf6+ gxf6 11. Bh6 Re8 12. Nh4 Qb6 13. Qg4+ 1-0

[Event "AUTO-ADV-4662"]
[Site "http://www.queenalice.com/game.php?id=1826369"]
[Date "2023.12.2"]
[Round "2"]
[White "vlaams"]
[Black "AranchiA12"]
[Result "1-0"]
[WhiteElo "2003"]
[BlackElo "1889"]

1. e4 c5 2. Nf3 d6 3. Nc3 Nf6 4. Bc4 Nc6 5. d3 e6 6. O-O Be7 7. Re1 O-O 8. a3
Bd7 9. Ne2 Na5 10. Ba2 b5 11. Ng3 Qb6 12. Bd2 e5 13. Bg5 Rfe8 14. Be3 Nb7 15.
Bg5 a5 16. c3 a4 17. Bh4 Na5 18. Bxf6 Bxf6 19. Nh5 b4 20. Nxf6+ gxf6 21. Nh4 Be6
22. Bxe6 fxe6 23. Qg4+ Kf7 24. Qh5+ Ke7 25. Qxh7+ Kd8 26. axb4 cxb4 27. Rxa4
bxc3 28. bxc3 d5 29. Rb4 Qa6 30. Rd1 Qc6 31. Rdb1 Rc8 32. Rb6 Re7 33. Qh8+ Kd7
34. Qxf6 Qxc3 35. Rd1 Qc1 36. Rf1 Qd2 37. Nf3 Qc3 38. Nxe5+ Kc7 39. Qxe7+ Kxb6
40. Qxe6+ Ka7 41. Qxd5 Rc5 42. Qf7+ Ka6 43. f4 Qd4+ 44. Kh1 Nb7 45. Qa2+ Kb6 46.
Rb1+ Kc7 47. Qf7+ Kd6 48. Rb6+ Rc6 49. Rxc6# 1-0

[Event "AUTO-ADV-4662"]
[Site "http://www.queenalice.com/game.php?id=1826370"]
[Date "2023.12.2"]
[Round "2"]
[White "AranchiA12"]
[Black "vlaams"]
[Result "1-0"]
[WhiteElo "1867"]
[BlackElo "2025"]

1. e4 e5 2. Nc3 Nf6 3. Nf3 Nc6 4. d4 exd4 5. Nxd4 Bb4 6. Nxc6 Bxc3+ 7. bxc3 bxc6
8. f3 h6 9. Ba3 d6 10. Bd3 O-O 11. g4 Nh7 12. Ke2 Ng5 13. Rb1 a5 14. h4 Nh7 15.
Qd2 Re8 16. Rbg1 d5 17. Qf4 Ba6 18. e5 Bb5 19. g5 Bxd3+ 20. cxd3 hxg5 21. hxg5
f6 22. g6 Rxe5+ 23. Kd2 Ng5 24. Rh8+ Kxh8 25. Qh4+ Kg8 26. Kd1 Rb8 27. Rxg5 Rb1+
28. Kc2 Re2+ 29. Kxb1 Qb8+ 30. Kc1 Re1+ 31. Kd2 Rd1+ 32. Kxd1 Qb1+ 33. Kd2 Qxa2+
34. Ke3 Qxa3 35. Qh7+ Kf8 36. Qh8+ Ke7 37. Qxg7+ Ke6 38. Rh5 Qxc3 39. Qf7+ Kd6
40. g7 Qe1+ 41. Kf4 Qd2+ 42. Kf5 Qxd3+ 43. Kxf6 Qxf3+ 44. Kg6 Qe4+ 45. Kh6 Qe3+
46. Kh7 Qe4+ 47. Kh8 Qd4 48. Rh6+ Kc5 49. Rf6 Qh4+ 50. Kg8 a4 51. Kf8 a3 52.
Qe7+ Kc4 53. Rxc6+ Kb3 54. g8=Q Qf4+ 55. Qgf7 Qd4 56. Qf3+ Ka2 57. Qexa3+ Kb1
58. Rc1# 1-0

[Event "AUTO-INT-3788"]
[Site "http://www.queenalice.com/game.php?id=1836937"]
[Date "2024.5.16"]
[Round "3"]
[White "vlaams"]
[Black "jenyasm"]
[Result "1-0"]
[WhiteElo "2014"]
[BlackElo "1683"]

1. e4 e5 2. Nf3 Nc6 3. Nc3 d6 4. Bb5 Bd7 5. Bxc6 Bxc6 6. d3 Nf6 7. O-O h6 8. Be3
a6 9. Ne2 g6 10. Ng3 Bg7 11. Re1 O-O 12. Nd2 Bd7 13. Nf3 Bg4 14. h3 Bxf3 15.
Qxf3 b6 16. Qe2 c5 17. Qd2 Kh7 18. a3 a5 19. c3 Nd7 20. d4 cxd4 21. cxd4 exd4
22. Bxd4 Bxd4 23. Qxd4 Nc5 24. Qd1 b5 25. Rb1 b4 26. axb4 axb4 27. Qc2 b3 28.
Qc3 Rb8 29. Rbd1 Re8 30. Rd5 Qc7 31. Qd4 Ne6 32. Qd2 Red8 33. Rd1 Rb6 34. e5 Qb8
35. exd6 Ng5 36. Re1 Rbxd6 37. Rxd6 Rxd6 38. Qe2 Ne6 39. Ne4 Rd4 40. Nf6+ Kg7
41. Ng4 Qb7 42. Qe3 Qb5 43. Qxh6+ Kg8 44. Nf6# 1-0

[Event "AUTO-INT-3788"]
[Site "http://www.queenalice.com/game.php?id=1836938"]
[Date "2024.5.16"]
[Round "3"]
[White "jenyasm"]
[Black "vlaams"]
[Result "1/2-1/2"]
[WhiteElo "1710"]
[BlackElo "2017"]

1. e4 e5 2. Nf3 Nc6 3. c3 Nf6 4. d3 h6 5. Nbd2 Bc5 6. b4 Bd6 7. Rb1 O-O 8. d4
exd4 9. cxd4 Re8 10. Qc2 Bxb4 11. e5 Nd5 12. Be2 Bxd2+ 13. Bxd2 a5 14. O-O b6
15. Bb5 Na7 16. Bc4 Ne7 17. Qe4 Rb8 18. Bd3 Ng6 19. Qe3 d6 20. Bc3 Ne7 21. Qe4
Bf5 22. Qe3 Bxd3 23. Qxd3 dxe5 24. Nxe5 Nac6 25. Nxc6 Nxc6 26. Rfd1 Ne7 27. h3
Ng6 28. Qd2 Re7 29. Qd3 Qe8 30. d5 Rd8 31. Qd4 Qf8 32. a4 Re5 33. Qc4 Re7 34.
Bb2 Qe8 35. Qd4 f6 36. Rd2 Re4 37. Qc3 Rxa4 38. Qxc7 Rb4 39. d6 Rd7 40. Qc6 Nf8
41. Rbd1 Qd8 42. Bc3 Rf4 43. Rd3 Ne6 44. Qd5 Kf8 45. Qxe6 Qe8 46. Qxe8+ Kxe8 47.
Bd2 Re4 48. Be3 b5 49. Rd5 Re5 50. Bf4 Rxd5 51. Rxd5 g5 52. Be3 Rb7 53. Bd2 a4
54. Bb4 Kd7 55. Kh2 Kc6 56. Rf5 Rf7 57. Kg3 h5 58. Kf3 Ra7 59. Ba3 b4 60. Bxb4
a3 61. Rxf6 Ra4 62. Bc3 a2 63. Be5 a1=Q 64. Bxa1 Rxa1 65. Kg3 Ra4 66. f4 gxf4+
67. Rxf4 Ra5 68. Rd4 Kd7 69. Kf4 Ra2 70. g4 hxg4 71. Kxg4 Ra6 72. h4 Rxd6 73.
Rxd6+ Kxd6 74. Kg5 Ke7 75. Kg6 Kf8 76. Kh7 Kf7 77. h5 1/2-1/2

[Event "AUTO-ADV-4662"]
[Site "http://www.queenalice.com/game.php?id=1845991"]
[Date "2024.10.23"]
[Round "3"]
[White "AranchiA12"]
[Black "vlaams"]
[Result "0-1"]
[WhiteElo "1716"]
[BlackElo "2051"]

1. e4 e5 2. Nc3 Nf6 3. f4 Nc6 4. d3 Bb4 5. Bd2 Bxc3 6. bxc3 d6 7. Nf3 Bg4 8. Be2
Bxf3 9. gxf3 O-O 10. Kf2 exf4 11. Bxf4 Nh5 12. Be3 Qh4+ 13. Kg1 Nf4 14. d4 Qg5+
15. Kf1 Qg2+ 16. Ke1 Qxh1+ 17. Kd2 Qxh2 18. Rb1 Nxe2 19. Qxe2 Qxe2+ 20. Kxe2 b6
21. Rg1 Ne7 22. Bh6 Ng6 23. Be3 Rfe8 24. a3 a5 25. Rg3 c5 26. d5 Ne5 27. Bh6 g6
28. Bc1 Nd7 29. Bf4 Ne5 30. Bc1 f6 31. Rg2 Kf7 32. Rg3 g5 33. Rg2 Ng6 34. Kf2 h5
35. Bd2 h4 36. Bc1 Ne5 37. Ke2 Rh8 38. Kf2 h3 39. Rh2 g4 40. f4 Nd7 0-1

[Event "AUTO-ADV-4662"]
[Site "http://www.queenalice.com/game.php?id=1845992"]
[Date "2024.10.23"]
[Round "3"]
[White "vlaams"]
[Black "AranchiA12"]
[Result "1-0"]
[WhiteElo "2054"]
[BlackElo "1713"]

1. e4 c5 2. Nf3 d6 3. Nc3 Nc6 4. Bb5 Nf6 5. h3 e6 6. d3 Be7 7. O-O O-O 8. Bxc6
bxc6 9. Re1 Bb7 10. a3 Nd7 11. Be3 Qc7 12. Bg5 Rfe8 13. Bxe7 Rxe7 14. Ng5 Rae8
15. Qh5 h6 16. Nf3 Nb6 17. Rab1 Ba6 18. Nh2 e5 19. Re3 d5 20. Rg3 Qd6 21. Ng4
Kf8 22. Nh2 d4 23. Nd1 Bb5 24. Qg4 f6 25. Qg6 c4 26. Qh7 Qd7 27. Qh8+ Kf7 28.
Qxg7+ Ke6 29. Qxh6 cxd3 30. cxd3 Na4 31. Rf3 Rf7 32. Qg6 a5 33. Qg4+ Kd6 34.
Qxd7+ Kxd7 35. Ng4 Re6 36. Nh6 1-0

[Event "AUTO-ADV-4662"]
[Site "http://www.queenalice.com/game.php?id=1845995"]
[Date "2024.10.23"]
[Round "3"]
[White "vlaams"]
[Black "Pin"]
[Result "1-0"]
[WhiteElo "2005"]
[BlackElo "2144"]

1. e4 c5 2. Nf3 d6 3. Nc3 Nc6 4. Bb5 Bd7 5. Bxc6 Bxc6 6. d3 Nf6 7. O-O g6 8. Bg5
Bg7 9. Rb1 O-O 10. Bxf6 Bxf6 11. Ne2 Qc7 12. Ng3 Rad8 13. c3 d5 14. exd5 Bxd5
15. a3 Bc4 16. Ne1 Be6 17. Qc2 h5 18. Ne4 Bg7 19. Ng5 Bc8 20. Ne4 b6 21. Nf3 Ba6
22. c4 Bb7 23. Rfe1 Rd7 24. Qe2 Rfd8 25. Red1 f5 26. Neg5 Bh6 27. Ne6 1-0

[Event "AUTO-ADV-4662"]
[Site "http://www.queenalice.com/game.php?id=1845996"]
[Date "2024.10.23"]
[Round "3"]
[White "Pin"]
[Black "vlaams"]
[Result "0-1"]
[WhiteElo "2126"]
[BlackElo "2027"]

1. d4 d5 2. Nf3 Nc6 3. g3 Nf6 4. Bg2 Bg4 5. O-O e6 6. c3 Bxf3 7. Bxf3 Be7 8. Nd2
O-O 9. e4 dxe4 10. Nxe4 Rb8 11. Re1 a5 12. a4 Nxe4 13. Bxe4 Bg5 14. Bxc6 Bxc1
15. Be4 Bxb2 16. Bxh7+ Kxh7 17. Qh5+ Kg8 18. Rab1 Bxc3 19. Re4 Bd2 20. Rh4 Bh6
21. Rg4 Qf6 22. Rb5 b6 23. Re5 Rbd8 24. Rge4 Rd5 25. f4 Rxe5 26. fxe5 Qg5 27.
Qe2 Qc1+ 28. Kg2 Qc6 0-1

[Event "Challenge"]
[Site "http://www.queenalice.com/game.php?id=1849349"]
[Date "2024.12.25"]
[Round "-"]
[White "jogo"]
[Black "vlaams"]
[Result "0-1"]
[WhiteElo "1757"]
[BlackElo "2047"]

1. e4 e5 2. d4 exd4 3. Qxd4 Nc6 4. Qe3 d6 5. Bb5 Bd7 6. f4 Nb8 7. Bxd7+ Nxd7 8.
c4 Be7 9. Nc3 Nc5 10. b4 Nd7 11. Nf3 Ngf6 12. h3 h6 13. Bd2 O-O 14. O-O-O c6 15.
g4 Nb6 16. Qe2 a6 17. g5 hxg5 18. fxg5 Nh7 19. h4 Nd7 0-1